000 00685nam a2200205 a 4500
001 000025922
005 20240412074252.0
008 110224s1989 dr 000 p spa d
040 _aDO-SdBNP
_bspa
_cBNPHU
082 _aRD861.44
_bM386v
100 1 _aMartínez, Frank
_952780
245 1 3 _aLa vigilia de las flores /
_cFrank Martínez ; presentación Francisco Abrahán De Jesús.
260 _aSanto Domingo :
_bAmigo del Hogar,
_c1989.
300 _a46 p. ;
_c18 cm.
590 _aInventariado, 2018/LP
650 0 _aPoesía dominicana
_966
650 0 _aLiteratura dominicana.
_967
700 1 2 _aDe Jesús, Francisco Abrahán
_952781
910 _aValidado. Control de calidad MFF
999 _c25414
_d25414